000 00493nam a2200193Ia 4500
005 20250508160141.0
008 008 250505s9999 xx 000 0 eng d
037 _aTextual
040 _aFEDL
_beng
_cFEDL
041 _aeng
_2eng
084 _a370.9547, DIW
_qFEDL
100 _aDil Anwar S
245 0 _aNew trends in education
300 _a80p.
650 _aEducation
700 _a Dil Afia
_9767984
942 _cTEXL
_h370.9547, DIW
999 _c1362231
_d1362231